<?xml version="1.0" encoding="UTF-8"?>
<collection xmlns="http://www.loc.gov/MARC21/slim">
 <record>
  <leader>00644pamaa2200181   4500</leader>
  <controlfield tag="001">0000021037</controlfield>
  <controlfield tag="005">20070322090000.0</controlfield>
  <datafield tag="020" ind1="0" ind2="0">
   <subfield code="a">0500017336 (hard) </subfield>
  </datafield>
  <datafield tag="090" ind1="0" ind2="0">
   <subfield code="a">SB466.T7 </subfield>
   <subfield code="b">WAR 1997</subfield>
  </datafield>
  <datafield tag="100" ind1="1" ind2="0">
   <subfield code="a">WARREN </subfield>
  </datafield>
  <datafield tag="245" ind1="1" ind2="4">
   <subfield code="a">The tropical garden  </subfield>
   <subfield code="c">text by William Warren ; photographs by Luca Invernizzi Tettoni.</subfield>
  </datafield>
  <datafield tag="250" ind1="0" ind2="0">
   <subfield code="a">New edition.</subfield>
  </datafield>
  <datafield tag="260" ind1="0" ind2="0">
   <subfield code="a">New York, N.Y. : Thames and Hudson, 1997.</subfield>
  </datafield>
  <datafield tag="300" ind1=" " ind2=" ">
   <subfield code="a">224 p. : col. ill. ; 31 cm.</subfield>
  </datafield>
  <datafield tag="504" ind1="0" ind2="0">
   <subfield code="a">Includes bibliographical references (p. 220) and index</subfield>
  </datafield>
  <datafield tag="650" ind1="0" ind2="0">
   <subfield code="a">Gardens -- </subfield>
   <subfield code="x">Tropics -- </subfield>
   <subfield code="x">Pictorial works </subfield>
  </datafield>
  <datafield tag="650" ind1="0" ind2="0">
   <subfield code="a">Plants, Ornamental -- </subfield>
   <subfield code="x">Tropics -- </subfield>
   <subfield code="x">Pictorial works </subfield>
  </datafield>
  <datafield tag="700" ind1="1" ind2="1">
   <subfield code="a">Invernizzi, </subfield>
   <subfield code="h">Luca </subfield>
  </datafield>
 </record>
</collection>
